000 00280 a2200097 4500
001 31348
100 _aBaxter, Martin
245 _aFinancial Calculus: An Introduction to derivative pricing v 42
260 _aCambridge
_bCambridge University Press
_c1996
090 _c21241
_d21241
942 _aNUST-CAE
_cM
_c12494
999 _c266421
_d266421